¿Existe protección real a los derechos humanos del adulto mayor?: el discurso legal = Is a real protection of human rights of the elderly? : the legal discourse /
En este artículo se desarrolla una explicación del discurso del especialista en leyes y sus operadores sin dejar de lado su manual de operaciones básica en este caso; la ley. De este modo, se hace un pasaje por la situación de la vejez en el ámbito jurídico internacional y nacional donde se analiza...
Wedi'i Gadw mewn:
| Prif Awdur: | |
|---|---|
| Fformat: | Texto |
| Pynciau: | |
| Tagiau: |
Ychwanegu Tag
Dim Tagiau, Byddwch y cyntaf i dagio'r cofnod hwn!
|
MARC
| LEADER | 00000 a a2200000 04500 | ||
|---|---|---|---|
| 001 | 42082 | ||
| 003 | |||
| 040 | |||
| 100 | |a Mora Jiménez, Marlon | ||
| 245 | |a ¿Existe protección real a los derechos humanos del adulto mayor?: el discurso legal = |b Is a real protection of human rights of the elderly? : the legal discourse / |c Marlon Mora Jiménez | ||
| 500 | |a marlon78@hotmail.com | ||
| 520 | |a En este artículo se desarrolla una explicación del discurso del especialista en leyes y sus operadores sin dejar de lado su manual de operaciones básica en este caso; la ley. De este modo, se hace un pasaje por la situación de la vejez en el ámbito jurídico internacional y nacional donde se analiza la Ley 7935. | ||
| 590 | |a RRA/NOVIEMBRE2011 | ||
| 650 | |a 1.VEJEZ | ||
| 650 | |a 2.LEGISLACION | ||
| 650 | |a 3.COSTA RICA | ||
| 650 | |a 4.DERECHOS HUMANOS | ||
| 650 | |a 5.CONDICIONES DE VIDA | ||
| 773 | |g número126 ( , 2009), páginas 123-134 | ||
| 999 | |c 38647 |d 38647 | ||
| 773 | 0 | |0 18728 |9 3019 |a Universidad de Costa Rica |d San José, Costa Rica Editorial UCR 1956- |o 12516 |t Revista de Ciencias Sociales/ |x 04825276 | |
